00683 2200253 4500001002100000008004100021035002000062245005800082100002000140110002100160260002400181300001200205020001800217084001400235082000800249650002700257990002100284990001900305990002100324990002100345990002100366990002100387990002100408INLIS000000000001307 ind  a0010-0724001307 aPenanaman Dan Pemanfaatan Jambu BijicEndyah Murniati aEndyah Murniati aMurniati, Endyah aSurabayabSICc2007 a28 hlm. a979.9917.98.0 a634 END p a634 aPerkebunan Buah-buahan aP29/CP/24/1307.6 aP29/CP/24/1307 aP29/CP/24/1307.1 aP29/CP/24/1307.2 aP29/CP/24/1307.3 aP29/CP/24/1307.4 aP29/CP/24/1307.5